Scale development : theory and applications

Αποθηκεύτηκε σε:
Λεπτομέρειες βιβλιογραφικής εγγραφής
Κύριος συγγραφέας: DeVellis, Robert F.
Μορφή: Βιβλίο
Γλώσσα:English
Δημοσίευση: Newbury Park : Sage Publications, c1991
Σειρά:Applied social research methods series ; ; 26
Θέματα:
Ετικέτες: Προσθήκη ετικέτας
Δεν υπάρχουν, Καταχωρήστε ετικέτα πρώτοι!

MARC

LEADER 00000nam a2200000 i 4500
001 1/18577
008 981019s1991 eng d
020 |a 0-8039-3776-8 
035 |l 10020962 
040 |a GR-MY-UA  |b    |e aacr 
041 0 |a eng 
082 0 |a 300.72 
100 1 |a DeVellis, Robert F. 
245 1 0 |a Scale development :  |b theory and applications /  |c Robert F. DeVellis 
260 |a Newbury Park :   |b Sage Publications,   |c c1991 
300 |a 120 p. 
490 1 |a Applied social research methods series  |v ; 26 
504 |a Includes bibliographical references and index 
650 0 0 |a Scaling (Social sciences) 
830 0 |a Applied social research methods series ;  |v ; 26 
852 |a INST  |b LESVOS  |e 19981019  |h 300.72 DEV  |p 005100018238  |q 005100018238  |t BK  |y 0 
901 |a BIBL-1999-1 
909 |a Λ  |b 059487 
922 |a 1ΕΛΗ  |b 199809  |c ΚΠΣ/ΤΓ  |d ΠΑΠΑΣΩΤΗΡΙΟΥ 
950 |a 118-1998-07-23